Contribución a la calidad de vida de la población del Barrio Jorge Dimitrov de Managua, mediante la realización del estudio de pre factibilidad para el mejoramiento de 2,4 kilómetros de infraestructura vial y pluvial, incluyendo la construcción de un puente vehicular y peatonal
Presenta un estudio donde se visualizó la necesidad de los pobladores quienes identificaron y señalaron que este proyecto sería la solución ideal para lo que ellos definieron como sus principales problemas que enfrentaban los habitantes del barrio estaban referidos a las condiciones ambientales...
| Main Authors: | , |
|---|---|
| Other Authors: | |
| Format: | Tesis Section = Libro |
| Language: | Undetermined Spanish |
| Published: |
Managua
UNI
2015
|
| Subjects: |
| LEADER | 01538nam a2200277Ia 4500 | ||
|---|---|---|---|
| 008 | 240830s9999 xx 000 0 und d | ||
| 040 | |a BIBLIOTECA-RUSB/ M.Mon 625.85 M672 | ||
| 041 | |a spa | ||
| 082 | |a M.Mon 625.85 M672 | ||
| 100 | 1 | |a Miranda Jaime, Georgina | |
| 100 | 1 | |b Cabrera Carrillo, Eduardo | |
| 245 | 1 | 0 | |a Contribución a la calidad de vida de la población del Barrio Jorge Dimitrov de Managua, mediante la realización del estudio de pre factibilidad para el mejoramiento de 2,4 kilómetros de infraestructura vial y pluvial, incluyendo la construcción de un puente vehicular y peatonal |
| 260 | |a Managua |b UNI |c 2015 | ||
| 300 | |a 132 p. :il. | ||
| 500 | |a Contiene: anexos. | ||
| 502 | |a Tesis (Máster en Gerencia de Proyectos de Desarrollo) - UNI, 2015. | ||
| 520 | 3 | |a Presenta un estudio donde se visualizó la necesidad de los pobladores quienes identificaron y señalaron que este proyecto sería la solución ideal para lo que ellos definieron como sus principales problemas que enfrentaban los habitantes del barrio estaban referidos a las condiciones ambientales en las que se encontraban ya que deterioraban su estado de salud aunado a la falta de higienes de la población. | |
| 650 | 7 | |a construcción DE CARRETERAS | |
| 650 | 7 | |b PAVIMENTOS-DISEÑOS Y CONSTRUCCION | |
| 650 | 7 | |c MANTENIMIENTO-RED VIAL Y PLUVIAL | |
| 650 | 7 | |d ESTUDIO FINANCIERO | |
| 650 | 7 | |e IMPACTO AMBIENTAL | |
| 700 | 1 | |a Tutor: |b Zúñiga Morales, Gonzalo de Jesús | |
| 942 | |c BK |2 ddc | ||
| 991 | |a TESIS | ||
| 999 | |c 19310 | ||